000 01387nam a22003257a 4500
005 20240530110411.0
008 150216s2011 ua o a 000 0 ara d
017 _a2010/11242
_bمصر . دار الكتب المصرية
020 _a9771421654
040 _aEG-CaGPL
041 0 _aara
_heng
082 0 4 _221
_a920.7
_bط/ج ع
100 1 _aجيفورد ، كلايف
245 1 0 _a10 علماء غيروا العالم /
_cتاليف كلايف جيفورد ؛ رسوم ديقيد كوزنز ؛ ترجمة ادارة النشر و الترجمة بدار نهضة مصر للنشر ؛ اشراف عام داليا محمد ابراهيم
260 _aالقاهرة :
_bنهضة مصر للطباعة و النشر و التوزيع ،
_c2011
300 _a63 ص :
_bايض ؛
_c32 سم
600 0 4 _aارشميدس
600 0 4 _aجاليليو جاليلى
600 0 4 _aبنيامين فرانكلين
600 0 4 _aجيمس واط
600 0 4 _aتماس اديسون
600 0 4 _aمارى كورى
600 0 4 _aنيكولا تسلا
650 0 4 _aالعلماء
_xتراجم
700 1 _aكوزنز ، ديقيد
_eرسام
700 0 _aداليا محمد ابراهيم
_eمشرف
710 2 _aادارة النشر و الترجمة بدار نهضة مصر للنشر
_eمترجم
942 _2ddc
_cBK
999 _c60461
_d60461